000 00692nam a2200289Ia 4500
005 20260324123056.0
008 008 260324s9999 xx 000 0 eng d
020 _a9780203836088
037 _aEBOOK
040 _aCRL
040 _beng
040 _cCRL
041 _2eng
041 _aeng
084 _qCRL
100 _aRona F. Flippo
_91168929
245 0 _aReading Researchers in Search of Common Ground
245 4 _bThe Expert Study Revisited
260 _bTaylor and Francis
260 _c2012
365 _a
365 _b280
856 _uhttp://www.taylorfrancis.com/books/9780203836088
942 _cEBOOK
999 _c1762136
_d1762136